Normal view
MARC view
- الثورات - الطبقات الاجتماعية - التاريخ الاقتصادي -
Entry Topical Term
001 - CONTROL NUMBER
- control field: 46327
003 - CONTROL NUMBER IDENTIFIER
- control field: JO-AjAnu
005 - DATE AND TIME OF LATEST TRANSACTION
- control field: 20230606081645.0
008 - FIXED-LENGTH DATA ELEMENTS
- fixed length control field: 230606|| aca||aabn | a|a d
040 ## - CATALOGING SOURCE
- Original cataloging agency: JO-AjAnu
- Transcribing agency: JO-AjAnu
150 ## - HEADING--TOPICAL TERM
- Topical term or geographic name entry element: الثورات - الطبقات الاجتماعية - التاريخ الاقتصادي -
670 ## - SOURCE DATA FOUND
- Source citation: Work cat.: (JO-AjAnu)23712: مور، بارينجتون؛ ترجمة أحمد محمود , author 46326, الأصول الاجتماعية للددكتاورية والديمقراطية: اللورد والفلاح في صنع العالم الحديث